| 000 | 00967nam a2200241 i 4500 | ||
|---|---|---|---|
| 001 | bgj | ||
| 100 | 1 | _aBERMANN, Richard | |
| 245 | 1 | 0 |
_aZarzura : _bdie Oase der kleinen Vögel : Die Geschichte einer Expedition in die Libysche Wüste : Mit 137 Aufnahmen von Hans Casparius, dem Originaltagebuch dieser Tage, einer Karte von Dr. Ladislaus Kadar sowie einem Nachwort / _cRichard Arnold Bermann alias Arnold Höllriegel ; Herausgegeben von Michael Farin und Andreas Stuhlmann. |
| 260 |
_aMünchen : _bBelleville, _cc. 2003. |
||
| 300 |
_a279, [1] S. : _bIll. ; _c24 cm. |
||
| 651 | 9 |
_aLibysche Wüste _xExpedition _xReisebericht, 1933 |
|
| 700 | 1 | _aCASPARIUS, Hans | |
| 700 | 1 | _aKADAR, Ladislaus | |
| 700 | 1 |
_aFARIN, Michael. _eHrsg. |
|
| 700 | 1 |
_aSTUHLMANN, Andreas. _eHrsg. |
|
| 700 | 1 | _aHÖLLRIEGEL, Arnold | |
| 020 | _a3936298041 | ||
| 040 | _cBPK | ||
| 041 | 0 | _ager | |
| 920 | _a3-936298-04-1 | ||
| 942 | _cKS | ||
| 008 | s gw f |000 0 ger | ||
| 999 |
_c50605 _d50605 |
||
| 856 |
_uhttp://koha.tu.koszalin.pl/cgi-bin/koha/opac-detail.pl?biblionumber=50605 _yKatalog online BPK |
||